000 00524nam a2200181 i 4500
001 82451
003 ES-MaACL
005 20230906174656.0
007 t|
008 041110s1957 sp ||||1| spa d
100 1 _aIkor, Roger.
_965163
245 1 4 _aLos hijos de Avrom /
_cRoger Ikor ; [traducción de Consuelo Bergés].
250 _a[1ª ed.].
260 _aBarcelona :
_bJosé Janés,
_c[1957] (
_fMiguza)
300 _a453 p. ;
_c19 cm.
700 1 _aBerges, Consuelo.
_927982
852 _aES-MaACL
_jC-13912
_bR.41448
999 _c82451
_d82451